Sąsiedzi sąsiadów Tanzanii - Statystyki

Ogólne statystyki
  • Ten quiz został rozwiązany 52 razy
  • Średni wynik to 7 z 10
Statystyki odpowiedzi
Państwo % Poprawnych
Etiopia
93%
Republika Południowej Afryki
91%
Somalia
91%
Zimbabwe
80%
Botswana
73%
Eswatini
73%
Angola
71%
Namibia
71%
Kamerun
29%
Republika Środkowoafrykańska
24%
Nie znaleziono quizów pasujących do podanych kryteriów
Rozkład punktacji
Procent ludzi z każdym wynikiem
Percentyl według liczby udzielonych odpowiedzi
Twoja historia wyników
Nie rozwiązałeś tego quizu